00486nam a2200169Ia 4500008004100000082001700041100002100058245002600079250000800105260002900113300000800142500002400150650001600174942000700190952010400197999001500301230524s9999 xx 000 0 und d a621.382bGAU aA.K.Gautam92998 0aCommunication Systems a2ND aNEW DELHIbKatariac2005 a293 aQuantity Number: 1 aElectronics cBK 00104070aTATCLbTATCLcGENd2023-05-24l0o621.382 GAUp6241r2023-05-24w2023-05-24yBKzBE2101 c5114d5114